Monasterio de Santa Rosa de Lima (Record no. 9207)
[ view plain ]
| 000 -CABECERA | |
|---|---|
| campo de control de longitud fija | 01175nam a2200289 a 4500 |
| 001 - NÚMERO DE CONTROL | |
| campo de control | BRL_394 |
| 005 - FECHA Y HORA DE LA ÚLTIMA TRANSACCIÓN | |
| campo de control | 20190320210724.0 |
| 008 - DATOS DE LONGITUD FIJA--INFORMACIÓN GENERAL | |
| campo de control de longitud fija | 060813s1992----mx-a######---#000-0#spa-# |
| 041 ## - CÓDIGO DE LENGUA | |
| Código de lengua del texto/banda sonora o título independiente | spa |
| 044 ## - CÓDIGO DEL PAÍS DE LA ENTIDAD EDITORA/PRODUCTORA | |
| Código MARC del país | mx |
| 050 #4 - SIGNATURA TOPOGRÁFICA DE LA BIBLIOTECA DEL CONGRESO | |
| Número de clasificación | BX2532.P8 |
| Número de documento/Ítem | .A77 1992 |
| 100 1# - ENTRADA PRINCIPAL--NOMBRE DE PERSONA | |
| Nombre de persona | Arroyo González, Esteban |
| Títulos y otros términos asociados al nombre | Fray |
| 9 (RLIN) | 23765 |
| 245 10 - MENCIÓN DE TÍTULO | |
| Título | Monasterio de Santa Rosa de Lima |
| Resto del título | Puebla de los Ángeles, MDCCXL |
| Mención de responsabilidad, etc. | Fray Esteban Arroyo González, O.P., Sor María de Cristo Santos Morales, O.P. |
| 260 ## - PUBLICACIÓN, DISTRIBUCIÓN, ETC. | |
| Lugar de publicación, distribución, etc. | Ciudad de México |
| Nombre del editor, distribuidor, etc. | Instituto Dominicano de Invastigaciones Históricas |
| Fecha de publicación, distribución, etc. | 1992 |
| 300 ## - DESCRIPCIÓN FÍSICA | |
| Extensión | 80 p. |
| Otras características físicas | il., 1 mapa |
| Dimensiones | 31 cm. |
| 500 ## - NOTA GENERAL | |
| Nota general | ej.1 Au408 ; ej.2 Au1405 |
| 500 ## - NOTA GENERAL | |
| Nota general | La biblioteca cuenta con 2 ejemplares |
| 504 ## - NOTA DE BIBLIOGRAFÍA, ETC. | |
| Nota de bibliografía, etc. | Bibliografía: p. 79 |
| 610 24 - PUNTO DE ACCESO ADICIONAL DE MATERIA--NOMBRE DE ENTIDAD CORPORATIVA | |
| Nombre de entidad corporativa o nombre de jurisdicción como elemento de entrada | Monasterio de Santa Rosa de Lima (Puebla, México) |
| 9 (RLIN) | 23766 |
| 650 14 - PUNTO DE ACCESO ADICIONAL DE MATERIA--TÉRMINO DE MATERIA | |
| Término de materia o nombre geográfico como elemento de entrada | Monasterios |
| Subdivisión geográfica | Puebla (México) |
| 9 (RLIN) | 23767 |
| 651 #4 - PUNTO DE ACCESO ADICIONAL DE MATERIA--NOMBRE GEOGRÁFICO | |
| Nombre geográfico | Puebla de Zaraqoza (México) |
| Subdivisión general | Historia de la Iglesia |
| 9 (RLIN) | 23768 |
| 700 1# - PUNTO DE ACCESO ADICIONAL--NOMBRE DE PERSONA | |
| Nombre de persona | Santos Morales, María de Cristo |
| Títulos y otros términos asociados al nombre | Sor. |
| 9 (RLIN) | 23769 |
| 710 2# - PUNTO DE ACCESO ADICIONAL--NOMBRE DE ENTIDAD CORPORATIVA | |
| Nombre de entidad corporativa o nombre de jurisdicción como elemento de entrada | Instituto Dominicano de Investigaciones Históricas (México) |
| 9 (RLIN) | 23770 |
| 710 2# - PUNTO DE ACCESO ADICIONAL--NOMBRE DE ENTIDAD CORPORATIVA | |
| Nombre de entidad corporativa o nombre de jurisdicción como elemento de entrada | Dominicos |
| Unidad subordinada | Provincia de Santiago de México |
| 9 (RLIN) | 23771 |
| 902 ## - CATALOGADOR | |
| Iniciales | GRL |
| 942 ## - ELEMENTOS DE PUNTO DE ACCESO ADICIONAL (KOHA) | |
| Fuente del sistema de clasificación o colocación | Library of Congress Classification |
| Tipo de ítem Koha | Libros |
| Estado de retiro | Estado de pérdida | Estado dañado | No para préstamo | Localización permanente | Ubicación/localización actual | Fecha de adquisición | Total de préstamos | Signatura topográfica completa | Código de barras | Fecha visto por última vez | Precio válido a partir de | Tipo de ítem Koha |
|---|---|---|---|---|---|---|---|---|---|---|---|---|
| El ejemplar forma parte de la colección y puede ser consultado según las políticas vigentes. | Biblioteca Centro de Estudios Ruth D. Lechuga | Biblioteca Centro de Estudios Ruth D. Lechuga | 06/08/2013 | BX2532.P8 .A77 1992 | GRL00420 | 22/03/2019 | 22/03/2019 | Libros | ||||
| El ejemplar forma parte de la colección y puede ser consultado según las políticas vigentes. | Biblioteca Centro de Estudios Ruth D. Lechuga | Biblioteca Centro de Estudios Ruth D. Lechuga | 09/11/2015 | BX2532.P8 .A77 1992 | GRL01357 | 22/03/2019 | 22/03/2019 | Libros |